An oceanic quest: the international decade of ocean exploration

Gorde:
Xehetasun bibliografikoak
Egile korporatiboa: National Academy of Sciences, Estados Unidos (Egilea), National Academy of Engineering, Estados Unidos (Egilea)
Formatua: Liburua
Hizkuntza:ingelesa
Argitaratua: Washington, D.C National Academy of Sciences 1969
Gaiak:
Etiketak: Etiketa erantsi
Etiketarik gabe, Izan zaitez lehena erregistro honi etiketa jartzen!

MARC

LEADER 00000nam a2200000 a 4500
001 UCV5406
003 CL-VaPUC
008 930607e19690000US |||||||||||||||||eng|d
082 0 4 |a 551.46  |b NAT  |2 21 
110 2 |a National Academy of Sciences, Estados Unidos  |e author  |9 299738 
710 2 |a National Academy of Engineering, Estados Unidos  |e author  |9 299739 
245 1 3 |a An oceanic quest: the international decade of ocean exploration 
300 |a 115 p 
942 |c BK 
945 |d 19930607 00:00:00 
260 |a Washington, D.C  |b National Academy of Sciences  |c 1969 
650 7 |a OCEANOGRAFIA INVESTIGACIONES  |2 CL-VaPUC  |9 262182 
650 7 |a EXPLORACIONES SUBAMRINAS  |2 CL-VaPUC  |9 262197 
650 0 |a Recursos marinos  |9 261196 
583 |a last modification  |c 19930607 00:00:00  |k Rodrigo Vera 
999 |c 211948  |d 211946